| 000 | 02368nam a2200229Ia 4500 | ||
|---|---|---|---|
| 003 | Ost | ||
| 005 | 20260507074909.0 | ||
| 008 | 260507s9999||||xx |||||||||||||| ||und|| | ||
| 020 | _a9960245769 | ||
| 040 | _cfsecg | ||
| 041 | _aara | ||
| 082 | _a332.4 | ||
| 100 |
_aهالوود، سي بول _eمؤلف |
||
| 245 | 0 |
_aالنقود والتمويل الدولي / _c سي بول هالوود |
|
| 260 |
_aالرياض: _bدار المريخ للشر, _c2007 |
||
| 300 |
_a748 صفحة؛ _bإيضاحات ؛ _c24 سم |
||
| 520 | _aبعض المفاهيم الأساسية للتمويل الدولي، أسعار الصرف الحاضرة والآجلة، الدخل وميزان المدفوعات، الجوانب الإقتصادية الكلية في اقتصاد مفتوح، تنسيق السياسات الإقتصادية على مستوى الدولي، تعادل القوة الشرائية، النظرية والبرهان العملي، المنهج النقدي لميزان المدفوعات، النظرة النقدية لتحديد سعر الصرف، النموذج النقدي، تطبيقات أخرى عن الصدمات الحقيقية وتقلب نظام سعر الصرف، منهج ميزان المحفظة المالية لتحديد السعر الصرف، اسعار الصرف الحاضرة والآجلة وفرضيةكفاءة الأسواق، التفسيرات الخاصة بالتوقعات لرفض فرضية كفاءة الأسواق،فرضية الأخبار، أزمات العملة وهجمات المضاربة، المناطق المستهدفة لسعر الصرف والتقويم غير النظيف، قاعدة الذهب الدولية، قاعدة الدولار، الإتحادات النقدية، التدفقات الدولية لرأس المال، الدول الآخذة في النمو، مواءمة ميزان المدفوعات وصندوق النقد الدولي، تنظيم عملية التحرير الإقتصادي في الدول الآخذة في النمو، أسعار الصرف واقتصاديات دول التحول الإقتصادي، الديون العالمية، الإصلاح النقدي الدولي | ||
| 653 | _aالتمويل الدولي | ||
| 653 | _aالنقود | ||
| 700 |
_aماكدونالد، رونالد _eمؤلف ثانوي |
||
| 942 | _cكتاب | ||
| 999 |
_c41728 _d41728 |
||